Resonanzen/Impulse aus Ethik und Diakoniewissenschaft für den Diskurs in der "Pastoraltheologie": ein Dank an Eberhard Hauschildt

Saved in:  
Bibliographic Details
Main Author: Liedke, Ulf 1961- (Author)
Format: Electronic Article
Language:German
Check availability: HBZ Gateway
Interlibrary Loan:Interlibrary Loan for the Fachinformationsdienste (Specialized Information Services in Germany)
Published: 2025
In: Pastoraltheologie
Year: 2025, Volume: 114, Issue: 12, Pages: 552-562
Standardized Subjects / Keyword chains:B Pastoral theology (Journal) / Resonance (Sociology) / Social ethics / Charity studies / Hauschildt, Eberhard 1958- / Journalistic editing (Journalism) / History 1970-2025
RelBib Classification:KAJ Church history 1914-; recent history
NCC Social ethics
RA Practical theology
RK Charity work
ZG Media studies; Digital media; Communication studies
Online Access: Volltext (lizenzpflichtig)
Volltext (lizenzpflichtig)

MARC

LEADER 00000caa a22000002c 4500
001 1945973323
003 DE-627
005 20251231123749.0
007 cr uuu---uuuuu
008 251212s2025 xx |||||o 00| ||ger c
024 7 |a 10.13109/path.2025.114.12.552  |2 doi 
035 |a (DE-627)1945973323 
035 |a (DE-599)KXP1945973323 
040 |a DE-627  |b ger  |c DE-627  |e rda 
041 |a ger 
084 |a 1  |2 ssgn 
100 1 |e VerfasserIn  |0 (DE-588)121032728  |0 (DE-627)081042728  |0 (DE-576)176228209  |4 aut  |a Liedke, Ulf  |d 1961- 
109 |a Liedke, Ulf 1961- 
245 1 0 |a Resonanzen/Impulse aus Ethik und Diakoniewissenschaft für den Diskurs in der "Pastoraltheologie"  |b ein Dank an Eberhard Hauschildt 
264 1 |c 2025 
336 |a Text  |b txt  |2 rdacontent 
337 |a Computermedien  |b c  |2 rdamedia 
338 |a Online-Ressource  |b cr  |2 rdacarrier 
652 |a KAJ:NCC:RA:RK:ZG 
689 0 0 |d u  |0 (DE-588)4387026-0  |0 (DE-627)189141239  |0 (DE-576)211905674  |a Pastoraltheologie  |2 gnd  |g Zeitschrift 
689 0 1 |d s  |0 (DE-588)1350898015  |0 (DE-627)1912193485  |2 gnd  |a Resonanz  |g Soziologie 
689 0 2 |d s  |0 (DE-588)4055765-0  |0 (DE-627)106156888  |0 (DE-576)209115319  |2 gnd  |a Sozialethik 
689 0 3 |d s  |0 (DE-588)4661954-9  |0 (DE-627)33785808X  |0 (DE-576)214782352  |2 gnd  |a Diakoniewissenschaft 
689 0 4 |d p  |0 (DE-588)132318741  |0 (DE-627)521421209  |0 (DE-576)166045241  |2 gnd  |a Hauschildt, Eberhard  |d 1958- 
689 0 5 |d s  |0 (DE-588)4134521-6  |0 (DE-627)105671967  |0 (DE-576)209652993  |2 gnd  |a Redaktion  |g Journalismus 
689 0 6 |q z  |2 gnd  |a Geschichte 1970-2025 
689 0 |5 (DE-627) 
773 0 8 |i Enthalten in  |t Pastoraltheologie  |d Göttingen : Vandenhoeck & Ruprecht, 2007  |g 114(2025), 12, Seite 552-562  |h Online-Ressource  |w (DE-627)557570921  |w (DE-600)2404359-X  |w (DE-576)276562402  |x 2197-0823  |7 nnas 
773 1 8 |g volume:114  |g year:2025  |g number:12  |g pages:552-562 
856 4 0 |u https://doi.org/10.13109/path.2025.114.12.552  |x Resolving-System  |z lizenzpflichtig  |3 Volltext  |7 1 
856 4 0 |u https://www.vr-elibrary.de/doi/10.13109/path.2025.114.12.552  |x Verlag  |z lizenzpflichtig  |3 Volltext  |7 1 
951 |a AR 
ELC |a 1 
ITA |a 1  |t 1 
LOK |0 000 xxxxxcx a22 zn 4500 
LOK |0 001 4826913370 
LOK |0 003 DE-627 
LOK |0 004 1945973323 
LOK |0 005 20251231123749 
LOK |0 008 251212||||||||||||||||ger||||||| 
LOK |0 040   |a DE-Tue135  |c DE-627  |d DE-Tue135 
LOK |0 092   |o n 
LOK |0 852   |a DE-Tue135 
LOK |0 852 1  |9 00 
LOK |0 935   |a ixzs  |a ixzo 
LOK |0 936ln  |0 1442053275  |a RK 
LOK |0 936ln  |0 1442053003  |a RA 
LOK |0 936ln  |0 144205283X  |a NCC 
LOK |0 936ln  |0 1442044640  |a KAJ 
LOK |0 936ln  |0 1764172264  |a ZG 
LOK |0 939   |a 12-12-25  |b l01 
ORI |a SA-MARC-ixtheoa001.raw 
REF |a Zeitschriftenredaktion 
REL |a 1 
STA 0 0 |a Charity studies,Charity science,Diaconia studies,Diaconia science,Social ethics 
STB 0 0 |a Recherche sur l’action sociale protestante,Éthique sociale 
STC 0 0 |a Ciencias diacónicas,Ética social 
STD 0 0 |a Etica sociale,Studio del lavoro caritativo cristiano 
STE 0 0 |a 慈专服务研究,慈善服务研究,社会伦理 
STF 0 0 |a 慈專服務研究,慈善服務研究,社會倫理 
STG 0 0 |a Ciências diacônicas,Ética social 
STH 0 0 |a Диаконическая наука,Социальная этика 
STI 0 0 |a Κοινωνική ηθική,Σπουδές Διακονίας 
SUB |a REL 
SYG 0 0 |a Monatsschrift für Pastoraltheologie,Monatsschrift für Pastoraltheologie zur Vertiefung des gesamten pfarramtlichen Wirkens,Halte was du hast,Wissenschaft und Praxis in Kirche und Gesellschaft , Seelsorgelehre , Social ethics,Gesellschaftsethik,Gesellschaft,Gesellschaftsethik , Hauschild, Eberhard,1958-,Hauschild, Eberhardt,1958- , Bücherei u. Bildung,RedAktion , Bearbeitung,Redaktionsgeschichtliche Methode,Redaktionsgeschichte 
TIM |a 100019700101_100020251231  |b Geschichte 1970-2025